Comentarios a la Ley de Enjuiciamiento Civil

Detalles Bibliográficos
Autor principal: Vz̀quez Iruzubieta, Carlos
Formato: Desconocido
Lenguaje:español
Publicado: Barcelona : vLex, 2009
Materias:
Acceso en línea:Acceso restringido

MARC

LEADER 00000ny a22000003n 4500
005 20110615143650.0
007 cr||||||||||||
008 090615s2009 sp s 000 0 spa|c
020 |a 9788471112460 
035 |a 2702 
040 |d vLex 
090 |c 727  |d 727 
100 1 |a Vz̀quez Iruzubieta, Carlos 
245 1 0 |a Comentarios a la Ley de Enjuiciamiento Civil  |h [Recurso electrn̤ico]  |c Carlos Vz̀quez Iruzubieta 
256 |a Servicio en ln̕ea 
260 |a Barcelona :  |b vLex,  |c 2009 
300 |a p. ;  |c cm 
506 1 |a Contenido solo disponible en los productos indicados  |d vLex Global  |d vLex Global (Academic Edition, excluding Law Schools)  |d vLex Global (U.S. Academic Edition, Law Schools)  |d vLex Global (U.S. Academic Edition, excluding Law Schools)  |d vLex Global (Academic Edition, Law Schools) 
650 0 7 |a Ley de enjuiciamiento civil  |2 Tesauro vLex 
650 0 7 |a Procesal  |2 Tesauro vLex 
650 0 7 |a Proceso civil  |2 Tesauro vLex 
740 0 |a vLex Libros (Servicios en ln̕ea) 
856 4 0 |u http://vlex.com/source/2702  |z Acceso restringido 
942 |c BOOK 
999 0 |a Civil Law  |b Barcelona